Výučbový program na podporu pochopenia zákonov rozdelenia spojitej náhodnej premennej diplomová práca

Guardado en:
Detalles Bibliográficos
Autor principal: Bystriansky, Martin
Autor Corporativo: Fakulta hospodárskej informatiky EU. Katedra matematiky a aktuárstva
Otros Autores: Horáková, Galina
Formato: Libro
Lenguaje:eslovaco
Publicado: Bratislava 2016
Etiquetas: Agregar Etiqueta
Sin Etiquetas, Sea el primero en etiquetar este registro!

MARC

LEADER 00000nbm a2200000 4500
001 0219026
005 20170214150411.6
041 0 |a slo 
044 |a SK 
245 1 0 |a Výučbový program na podporu pochopenia zákonov rozdelenia spojitej náhodnej premennej  |b diplomová práca  |c Martin Bystriansky ; školiteľ: Galina Horáková 
264 1 |a Bratislava  |c 2016 
300 |a 91 s. 
100 1 |a Bystriansky, Martin 
700 1 |a Horáková, Galina 
710 2 |a Fakulta hospodárskej informatiky EU. Katedra matematiky a aktuárstva